000 00335nam a2200121Ia 4500
008 190722s9999 xx 000 0 und d
020 _a978-81-207-3729-7
100 _aProf. Sumita Roy
245 0 _aMastering the Art of Business Communiaction
260 _aNew Delhi
_bSterling Publishers (Pvt.) Ltd.
_c2010
300 _a322
942 _cBK
999 _c406
_d406